000 00754nam a2200205 i 4500
001 bg
100 1 _aWIŚNIOWSKI, Władysław
245 1 0 _aPodstawowe tendencje w rozwoju demograficznym województwa zachodniopomorskiego wraz z prognozą ludności do roku 2030 /
_c[oprac. Władysław Wiśniowski] ; Urząd Statystyczny w Szczecinie.
260 _aSzczecin :
_bUS,
_c2000.
300 _a60 s. :
_bil., mapy (w tym kolor.) ;
_c24 cm.
651 9 _aZachodniopomorskie, województwo
_xludność
_xprognozy
710 0 _aUrząd Statystyczny (Szczecin)
020 _a8391221431
040 _cBPK
041 0 _apol
080 _a314.001.18(438)"1989/..."(083.41)
920 _a83-912214-3-1
942 _cKS
008 s pl f |000 0 pol
999 _c35703
_d35703
856 _uhttp://koha.tu.koszalin.pl/cgi-bin/koha/opac-detail.pl?biblionumber=35703
_yKatalog online BPK